000 01226nam0a2200313 4500
001 RU\NLR\bibl\36016
005 20260408191236.0
010 _a5-7218-0221-9
_91000
021 _aRU
_b99-20510
_9999
035 _a(NLR Aleph) 000035109
090 _a179331
_c179331
100 _a19990701d1999 |||y0rusy50 ca
101 0 _arus
102 _aRU
105 _aa |||||||||
200 1 _aБезработица и эффективность государственной политики на рынке труда в переходной экономике России
_fФ.Т.Прокопов
_gМГУ им. М.В.Ломоносова. Экон. фак.
210 _aМ.
_cТЕИС
_d1999
215 _a311 с.
_cил.
_d20
320 _aБиблиогр.: с.300-311
606 0 _aРынок труда
_yРоссийская Федерация
_92079272
_3RU\NLR\auth\661255149
606 _8rus
_aБезработица
_yРоссийская Федерация
_7ca
_3RU\NLR\auth\661266922
_92093549
686 _aУ24(2)05(2Р)
700 1 _aПрокопов
_bФ. Т.
_4070
801 0 _aRU
_bNLR
_c19990701
_gPSBO
801 1 _aRU
_bNLR
_c19990701
852 _aNLR
_j99-3/6469
942 _cBOOK
980 _aNB